000 00468nam a22001577a 4500
005 20251108164226.0
008 250721s1992 xx 000 0 ara d
082 1 4 _a618.2/أيم
100 1 _aالحسيني، أيمن
245 1 0 _aعجائب التوائم :
_bنوادر و طرائف و غرائب /
264 1 _aالقاهرة :
_bمكتبة ابن سينا،
_c1992.
650 1 7 _aالحمل
650 1 7 _aالولادة
942 _2ddc
_cBK
999 _c6836
_d6836